000 00635nam a2200217Ia 4500
005 20250923145715.0
008 008 250917s9999 xx 000 0 eng d
037 _aTextual
040 _aDSWL
_beng
_cDSWL
041 _aeng
_2eng
084 _aX:9.2, N83;5
_qDSWL
100 _aMamoria, C.B.
_9838173
245 0 _aIndustrial labour social security and industrial peace in India
_c by C.B. Mamoria
260 _aAllahabad
_bKitab Mahal
_c1984
300 _axii,430 p.
365 _aINR
_b45
700 _a S Mamoria
_9838174
925 _g45
942 _cTEXL
_hX:9.2, N83;5
999 _c1454602
_d1454602